Lyons inquiry extended and council tax revaluation put on hold (Record no. 75937)

MARC details
000 -LEADER
fixed length control field 01445cab a2200193 4500
001 - CONTROL NUMBER
control field L131078
008 - FIXED-LENGTH DATA ELEMENTS--GENERAL INFORMATION
fixed length control field 050926n2005 000 0 eng u
035 ## - SYSTEM CONTROL NUMBER
System control number (Sirsi) u131078
041 0# - LANGUAGE CODE
Language code of text/sound track or separate title eng
110 1# - MAIN ENTRY--CORPORATE NAME
Corporate name or jurisdiction name as entry element United Kingdom
Subordinate unit Office of the Deputy Prime Minister
245 ## - TITLE STATEMENT
Title Lyons inquiry extended and council tax revaluation put on hold
260 ## - PUBLICATION, DISTRIBUTION, ETC.
Date of publication, distribution, etc. 2005
490 ## - SERIES STATEMENT
Series statement ODPM News Release
Volume/sequential designation (2005 /0193) 20 September 2005 (4)
520 ## - SUMMARY, ETC.
Summary, etc. Government has extended the Lyons inquiry into local government funding so that it can consider issues relating to the wider functions of local government and its future role. This will ensure that any proposals for the reform of the funding system can be set firmly within the context of a clear, shared understanding of the role of local government, and of local councils accountability to service users, residents and taxpayers. In light of this, the council tax revaluation scheduled for 2007 has been postponed so that revaluation can take full account of Sir Michael Lyons' further work. Government will legislate to provide new powers to set a future date for the revaluation.
590 ## - LOCAL NOTE (RLIN)
Local note IKA270905
690 ## - LOCAL SUBJECT ADDED ENTRY--TOPICAL TERM (OCLC, RLIN)
Topical term or geographic name as entry element PROPERTY-RESIDENTIAL PROPERTY-RESIDENTIAL PROPERTY TAXATION-COUNCIL TAX
856 40 - ELECTRONIC LOCATION AND ACCESS
Uniform Resource Identifier <a href="https://webarchive.nationalarchives.gov.uk/+/http://www.communities.gov.uk/index.asp?id=1002882&PressNoticeID=1956">https://webarchive.nationalarchives.gov.uk/+/http://www.communities.gov.uk/index.asp?id=1002882&PressNoticeID=1956</a>
Public note View the news release free of charge at www.communities.gov.uk
942 ## - ADDED ENTRY ELEMENTS (KOHA)
Suppress in OPAC 0
Holdings
Withdrawn status Lost status Source of classification or shelving scheme Damaged status Not for loan Home library Current library Shelving location Date acquired Total Checkouts Full call number Barcode Date last seen Copy number Price effective from Koha item type
    Dewey Decimal Classification     Virtual Virtual Online 26/09/2005   ONLINE PUBLICATION 131078-2001 06/08/2019 1 06/08/2019 Journal article